000 00325nam a2200145Ia 4500
008 191201s2008 xx 000 0 und d
082 _a005.131
_bMOD
100 _aMORRIS Mano, M
245 0 _aDigital Design
250 _aRep.
260 _aN.Delhi
_bPHI
_c2008
300 _a608
650 _aB.Tech(ECE)
942 _2ddc
_cBK
999 _c3819
_d3819